| Tag |
First Indicator |
Second Indicator |
Subfields |
| LEADER |
00000cam a2200000 a 4500 |
| 001 |
in00000073819 |
| 005 |
20151008054719.0 |
| 008 |
800506s1979 ksu b f00010 eng d |
| 035 |
|
|
|a (OCoLC)06285617
|
| 035 |
|
|
|9 AAJ1470AM
|
| 040 |
|
|
|a GIS
|c GIS
|d m.c.
|d TXA
|d UtOrBLW
|
| 049 |
|
|
|a TXAM
|c [387521]
|
| 090 |
|
|
|a TN871.2
|b .C6
|
| 100 |
1 |
|
|a Cole, Virgil B.
|
| 245 |
1 |
0 |
|a List of Kansas wells drilled into Precambrian rocks /
|c by Virgil B. Cole & W.J. Ebanks, Jr.
|
| 264 |
|
1 |
|a Lawrence :
|b Kansas Geological Survey, University of Kansas,
|c 1979.
|
| 300 |
|
|
|a 107 pages ;
|c 28 cm.
|
| 336 |
|
|
|a text
|b txt
|2 rdacontent
|
| 337 |
|
|
|a unmediated
|b n
|2 rdamedia
|
| 338 |
|
|
|a volume
|b nc
|2 rdacarrier
|
| 490 |
1 |
|
|a Subsurface geology series ;
|v 3
|
| 504 |
|
|
|a Bibliography: page 5.
|
| 650 |
|
0 |
|a Gas wells
|z Kansas.
|
| 650 |
|
0 |
|a Oil wells
|z Kansas.
|
| 650 |
|
0 |
|a Geology, Stratigraphic
|y Precambrian.
|
| 700 |
1 |
|
|a Ebanks, W. J.
|
| 710 |
2 |
|
|a Kansas Geological Survey.
|
| 830 |
|
0 |
|a Subsurface geology series ;
|v 3.
|
| 999 |
|
|
|a MARS
|
| 999 |
f |
f |
|s 48f5c68e-ea52-3307-8fc7-6b6a4ad31f94
|i 301a8201-d367-3af6-a3bd-140e78391f51
|t 0
|
| 952 |
f |
f |
|p ric
|a Texas A&M University
|b Rellis Campus
|c Joint Library Facility
|d Remote Storage
|t 0
|e TN871.2 .C6
|h Library of Congress classification
|i unmediated -- volume
|m A14806255579
|
| 998 |
f |
f |
|a TN871.2 .C6
|t 0
|l Remote Storage
|